000 00801nam a2200193 a 4500
001 51947
005 20180714041610.0
008 140415s2006 xxu 000 0 eng d
020 _a0471781177
041 _aeng
082 _a006.6
_bLOP
100 1 _aLOPUCK, LISA
245 1 0 _aWEB DESIGN FOR DUMMIES
250 _a2a ed.
260 _aESTADOS UNIDOS DE AMERICA :
_bWILEY PUBLISHING, INC.,
_c2006
300 _a230
_c18.7 x 1.7 x 23.3
520 _aCREATE A USER- FRIENDLY SITE, DESIGN GREAT GRAPHICS, AND MAKE UPDATING EASY IT CAN TAKE A FLOCK TO BUILD, AND MAINTAIN AN OUT-OF.SIGN WEB SITE. WHETHER YOU´RE DESINGNING A SITE ON YOUR OWN OR ARE A MEMBER OF A DESING TEAM.
650 1 4 _aGRAFICOS POR COMPUTADOR
_xMULTIMEDIA
_xWORLD WIDE WEB (SERVICIO DE INFORMACION SOBRE REDES)
999 _c51947
_d51947